[Event "Madrid Oliver Gonzalez Memorial 1st"]
[Site "Madrid"]
[Date "2010.10.17"]
[Round "9"]
[White "Illan Gomez, Miguel"]
[Black "Garcia Martin, Juan Miguel"]
[Result "0-1"]
[WhiteElo "1804"]
[BlackElo "2009"]
[PlyCount "72"]
[EventDate "2010.10.09"]
[EventType "swiss"]
[EventRounds "9"]
[EventCountry "ESP"]
[SourceTitle "CBM 138 Extra"]
[Source "ChessBase"]
[SourceDate "2010.10.29"]
[SourceVersion "1"]
[SourceVersionDate "2010.10.29"]
[SourceQuality "1"]

1. e4 d5 2. exd5 Nf6 3. d4 Nxd5 4. f4 e6 5. Nf3 g6 6. c4 Bb4+ 7. Bd2 Bxd2+ 8. Qxd2 Nf6 9. Bd3 Nc6 10. Bc2 0-0 11. 0-0 b6 12. Nc3 Bb7 13. Rad1 a5 14. a3 Ne7 15. Nh4 Nf5 16. Nxf5 exf5 17. Rfe1 Re8 18. Rxe8+ Qxe8 19. Ba4 Bc6 20. Bc2 Ne4 21. Qd3 Nxc3 22. Qxc3 Be4 23. Re1 Qe7 24. Qe3 Kf8 25. Ba4 Rd8 26. Qc3 Qf6 27. Rd1 Rd6 28. Qd2 Bc6 29. Bxc6 Rxc6 30. b3 Re6 31. g3 Qe7 32. d5 Re3 33. Qb2 Kg8 34. Kf2 Qe4 35. Qd2 Qf3+ 36. Kg1 Re2 0-1